[Event "FRA-ch op-D"]
[Site "Pau"]
[Date "2008.08.15"]
[Round "4"]
[White "Karsenti, Madeleine"]
[Black "Billon, Florent"]
[Result "0-1"]
[WhiteElo "1470"]
[BlackElo "1450"]
[PlyCount "54"]
[EventDate "2008.08.11"]
[EventType "swiss"]
[EventRounds "9"]
[EventCountry "FRA"]
[SourceTitle "CBM 126 Extra"]
[Source "ChessBase"]
[SourceDate "2008.11.05"]
[SourceVersion "1"]
[SourceVersionDate "2008.11.05"]
[SourceQuality "1"]

1. d4 d5 2. Nf3 Nf6 3. e3 Nc6 4. c3 Bg4 5. Nbd2 Ne4 6. Bd3 e5 7. Nxe4 dxe4 8. Bxe4 exd4 9. exd4 Qd7 10. 0-0 Bd6 11. Qd3 f5 12. Bxc6 Qxc6 13. Re1+ Kd7 14. Ne5+ Bxe5 15. dxe5+ Ke6 16. Bg5 h6 17. Bc1 Rad8 18. Qe3 g5 19. f3 f4 20. Qe2 Bf5 21. Qf2 b6 22. g3 Rd3 23. gxf4 Rxf3 24. Qd4 Bh3 25. Qd2 gxf4 26. Qe2 Rg8+ 27. Kh1 Rf1# 0-1